| 000 | 00575nam a22001937a 4500 | ||
|---|---|---|---|
| 001 | BT-PhCST | ||
| 003 | BT-PhCST | ||
| 005 | 20190204171356.0 | ||
| 008 | 150713b xxu||||| |||| 00| 0 eng d | ||
| 020 | _aNA | ||
| 040 |
_aBT-PhCST _cBT-PhCST _dBT-PhCST |
||
| 050 | _aACC. No. 932 | ||
| 082 |
_222 _a621.101 |
||
| 100 | _aNA | ||
| 245 |
_aISI steam tables : _bincluding mollier diagrams for temperature up to 800 c and pressure up to 500 kgf/cm / |
||
| 260 |
_aNew Delhi, _bIndia Standards Institution, _cc1966. |
||
| 300 |
_a141p. ; _bill. ; _c27 cm. |
||
| 942 |
_2ddc _cCIVIL |
||
| 999 |
_c5765 _d5765 |
||